000 02635cam a2200181 4500500
005 20251228073311.0
041 _afre
042 _adc
100 1 0 _aBlandin, Bernard
_eauthor
245 0 0 _aÀ propos de « Technologies et formation : travaux, interrogations et pistes de réflexion dans un champ de recherche éclaté » (Savoirs, n° 5)
260 _c2005.
500 _a81
520 _aRésuméIl se peut que l’engouement connu aujourd’hui pour l’accompagnement ne soit que le simple effet d’une mode. Mais il se peut aussi qu’il soit le reflet d’un véritable changement paradigmatique. Et dans ce cas, il paraît urgent d’entreprendre une réflexion d’ordre épistémologique et éthique susceptible d’aider les praticiens à mieux penser et agir leurs accompagnements singuliers.Ainsi, de l’émergence d’un possible postulat paradigmatique à la tentative de formulation de principes éthiques cet article se veut une modeste contribution à l’effort d’élucidation et de conceptualisation de la notion d’accompagnement.
520 _aThe recent enthusiasm for accompaniment might well be just a trendy idea. However, it might also be the sign of a genuine paradigm shift in education. In this case, it seems urgent to reflect on the matter from an ethical as well as an epistemological point of view, in order to help practitioners improve both how they think about or theorize “accompaniment”, and how they carry out their theory in practice.Thus, by addressing questions ranging from the emergence of a possible paradigmatic postulate to the attempt to formulate ethical principals related to practice, the present article aims to contribute, albeit modestly, to a conceptualization of the notion of accompaniment.
520 _aResumenPuede ser que el entuasiasmo que se conoce actualmente con relación al acompañamiento sea nada mas que un sencillo efecto de moda. Pero tambien puede que sea el reflejo de un verdadero cambio paradigmático. Y en este caso, parece urgente emprender una reflexión de tipo epistemológico y ético susceptible de ayudar a los practicantes para que piensen mejor y pongan en práctica sus acompañamientos singulares.Así, desde la emergencia de un posible postulado paradigmático hasta la tentativa de formulación de principios éticos, este artículo quiere ser una modesta contribución al esfuerzo de elucidación y de conceptualización de la noción de acompañamiento.
786 0 _nSavoirs | 7 | 1 | 2005-03-01 | p. 55-67 | 1763-4229
856 4 1 _uhttps://shs.cairn.info/revue-savoirs-2005-1-page-55?lang=fr&redirect-ssocas=7080
999 _c1595015
_d1595015